<?xml version="1.0" encoding="UTF-8"?>
<marc:record xmlns:marc="http://www.loc.gov/MARC21/slim">
   <marc:leader>00000nam a2200000 a 4500</marc:leader>
   <marc:datafield ind1="0" ind2="0" tag="245">
      <marc:subfield code="a">Sesamstraße Elmos Mitmachmusik</marc:subfield>
   </marc:datafield>
   <marc:datafield ind1="0" ind2="0" tag="245">
      <marc:subfield code="b">Hörfigur für die Toniebox</marc:subfield>
   </marc:datafield>
   <marc:datafield ind1="1" ind2=" " tag="520">
      <marc:subfield code="a">Elmo hat etwas, das er unbedingt mit dir teilen möchte, und zwar seine Liebe zur Musik! Lass dir von ihm zeigen, mit welchen lustigen Dingen du Musik machen kannst, singt zusammen die fröhlichsten Lieder und schwingt euer Tanzbein zu jeder Menge verrückter Monster-Musik.&lt;br/&gt;Auch Abby und das zottelige &lt;br/&gt;&lt;br/&gt;Krümelmonster kommen zu Besuch und sorgen dafür, dass eure Verabredung mit Elmo zu einer echten Party wird!&lt;br/&gt;&lt;br/&gt;Quelle: tonies.com</marc:subfield>
   </marc:datafield>
   <marc:datafield ind1=" " ind2=" " tag="300">
      <marc:subfield code="e">Hörspiel ab 3 Jahren</marc:subfield>
   </marc:datafield>
</marc:record>
